1163 1468 1236 1198 1530 1859 1163 1804 1537 1458 1298 1161 1450 1379 1139 1570 1367 1678 1631 1903 1950 1606 1257 1823 1929 1824 1520 1776 1413 1690 1879 1855 1298 1850 1408 1090 1514 1470 1106 1566 1572 1261 1375 1062 1192 1341 1012 1317 1729 1239 1920 1495 1026 1204 1256 1167 1160 1922 1467 1324 1736 1731 1862 1057 1215 1728 1627 1568 1186 1787 1543 1272 1384 1238 1176 1510 1228 1660 1288 1680 1013 1638 1629 1295 1979 1259 1037 1224 1725 1272 1024 1814 1022 1342 1189 1814 1428 1845 1657 BCNSPRNW ULIB Ver.6.0+V

เปลี่ยนเป็นภาษาไทย

Change to English
 แสดงรายละเอียดบรรณานุกรม
  กลับหน้าหลัก

Brief Record : Get Marc (ISO 2709) : E-mail record : QR code < ปิดหน้าต่าง
LEADER : 00000nam 2200000uu 4500
001    13399114443
003     ULIB
008    120402s2552||||th 000 0 tha d
020    ^a9786167081137
090    ^aนว.^bก217ล 2552
100 0  ^aกระต่ายหมายจันทร์
245 00 ^aเล่ห์รักวิวาห์ชุลมุน/^cกระต่ายหมายจันทร์
250    ^aพิมพ์ครั้งที่ 1
260    ^aกรุงเทพฯ :^bสมาร์ทบุ๊ค,^c2552
300    ^a376 หน้า
710 1  ^aสมาร์ทบุ๊ค
945    ^p240^l0^i16420
995    ^aกัณชพร
999    ^aใช้งานได้ทุกระบบ
รายการนี้ยังไม่มีแท็ก
คุณยังไม่ได้ล็อกอิน คุณสามารถมีกิจกรรมร่วมกับเว็บไซต์ได้ แต่ต้องล็อกอินก่อน ::
  ล็อกอิน

รายการสื่อสารสนเทศ

ลำดับที่ ประเภท เลขเรียก/บาร์โค้ด สถานที่ สถานะ
1. นวนิยาย
นวนิยาย
นว. ก217ล 2552  
  Barcode: 16420
ห้องสมุดวิทยาเขตสวรรค์ประชารักษ์
►นวนิยาย
บนชั้น
  ขอยืม

รายการใกล้เคียง
    ผู้แต่ง [กระต่ายหมายจันทร์]

BibComment


ยังไม่เคยถูกคอมเมนท์

คอมเมนท์ทรัพยากรรายการนี้
  คอมเมนท์: เล่ห์รักวิวาห์ชุ..


 Copyright 2026. Bcnsprnw @Library